International Journal of Management and Social Sciences (IJMSS) (Record no. 5762)

MARC details
000 -LEADER
fixed length control field 00311nam a22001097a 4500
005 - DATE AND TIME OF LATEST TRANSACTION
control field 20181224154700.0
008 - FIXED-LENGTH DATA ELEMENTS--GENERAL INFORMATION
fixed length control field 181224b xxu||||| |||| 00| 0 eng d
022 ## - INTERNATIONAL STANDARD SERIAL NUMBER
ISSN 2249-0191
245 ## - TITLE STATEMENT
Title International Journal of Management and Social Sciences (IJMSS)
260 ## - PUBLICATION, DISTRIBUTION, ETC. (IMPRINT)
Place of publication New Delhi
Name of publisher Speak Foundation
Year of publication 2018
942 ## - ADDED ENTRY ELEMENTS (KOHA)
Koha item type Journals/Serial
Holdings
Lost status Damaged status Home library Current library Date acquired Source of acquisition Accession Number Koha item type
    JRU Library   24/12/2018 Purchase IJMSS0001 Journals/Serial